000 00207 a2200097 4500
020 _a9789978806753
041 _aspa
100 _aAugusto Roa Bastos
245 _aLos juegos de Carolina y Gaspar
942 _cBK
999 _c11088
_d11088